| 000 | 01452nam0a22003251 4500 | ||
|---|---|---|---|
| 001 | rc\3176654 | ||
| 005 | 20250530090954.0 | ||
| 021 |
_aRU _b[76-30111] |
||
| 035 | _a(NLR Aleph) 007330863 | ||
| 090 |
_a6008024 _c6008024 |
||
| 100 | _a20120615d1976 |||y0rusy50 ca | ||
| 101 | 0 | _arus | |
| 102 | _aRU | ||
| 105 | _ay z ||||| | ||
| 200 | 1 |
_aТрехмерные задачи математической теории упругости и термоупругости _eКлассич. и микрополярная теория _eСтатика, гармон. колебания, динамика _eОсновы и методы решения _f[Купрадзе В.Д., Гегелиа Т.Г., Башелейшвили М.О., Бурчуладзе Т.В.] _gПод общ. ред. В.Д. Купрадзе |
|
| 205 | _a2-е изд., перераб. и доп. | ||
| 210 |
_aМосква _cНаука _d1976 |
||
| 215 |
_a663 с. _d27 |
||
| 320 | _aПредм. указ.: с. 661-663 | ||
| 320 | _aСписок лит.: с. 638-658 | ||
| 606 |
_aУпругость, теория _xТрехмерные задачи _2psbo |
||
| 701 | 1 |
_aГегелиа _bТ.Г. |
|
| 701 | 1 |
_aБашелейшвили _bМ.О. |
|
| 701 | 1 |
_aБурчуладзе _bТ.В. |
|
| 701 | 1 |
_aКупрадзе _bВ.Д. _gВиктор Дмитриевич _4340 |
|
| 801 | 0 |
_aRU _bNLR _gpsbo |
|
| 801 | 1 |
_aRU _bELAR _2rusmarc |
|
| 852 |
_aNLR _j76-7/879 |
||
| 942 | _cBOOK | ||
| 980 | _aNB | ||